| 000 | 01184cam a2200337Ia 4500 | ||
|---|---|---|---|
| 001 | 55317 | ||
| 005 | 20230410120753.0 | ||
| 008 | 080213s2007 sp a 001 0 spa | ||
| 035 | _a(OCoLC)ocn192009783 | ||
| 040 |
_aUV0 _cUV0 |
||
| 020 | _a9788497346726 | ||
| 020 | _a8497346726 | ||
| 035 | _a(OCoLC)192009783 | ||
| 043 | _ae-sp--- | ||
| 050 | 1 | 4 |
_aHV 6433 _bA348r 2007 |
| 100 | 1 | _aAlcaraz Martos, Francisco José. | |
| 245 | 1 | 4 |
_aUna rebelión cívica : _bmemorias del presidente de la Asociación de Víctimas del Terrorismo (AVT) / _cFrancisco José Alcaraz ; prólogo César Vidal. |
| 250 | _a1a ed. | ||
| 260 |
_aMadrid : _bEsfera de los Libros, _c2007. |
||
| 300 |
_a347 p. : _bcol. ill. ; _c24 cm. |
||
| 504 | _aIncludes index. | ||
| 610 | 2 | 0 |
_aAsociación de Víctimas del Terrorismo _xHistory. |
| 650 | 0 |
_aTerrorism _zSpain _xPrevention. |
|
| 650 | 0 |
_aVictims of terrorism _zSpain _xSocieties, etc. _vCase studies. |
|
| 610 | 2 | 0 | _aETA (Organization) |
| 600 | 1 | 0 |
_aAlcaraz, Francisco José, _d1968- |
| 856 | 4 | 2 |
_3Más?... busque en WorldCat (solo desde FUNGLODE) _uwww.firstsearch.oclc.org/fsip |
| 942 |
_2lcc _cbk |
||
| 946 | _amfcruz | ||
| 994 |
_aC0 _bDRFGD |
||
| 999 |
_c51532 _d51532 |
||